000
00241nam a22001097a 4500
999
_c
153933
_d
153933
082
_a
_b
245
_a
Indian history 2010 UPSC/
_c
by Kalpana (ed.)
260
_a
_b
Spectrum,
_c
2010.
650
_a
700
_a
Kalpana (ed.)
942
_c
BK